[Event "COL-ch Amateur U1700"]
[Site "Paipa"]
[Date "2020.02.28"]
[Round "5"]
[White "Ascanio Lugo, Juan Pablo"]
[Black "Caicedo Gomez, Tiana Paola"]
[Result "1-0"]
[WhiteElo "1625"]
[BlackElo "1347"]
[PlyCount "81"]
[EventDate "2020.02.26"]
[EventType "swiss"]
[EventRounds "9"]
[EventCountry "COL"]
[SourceTitle "EXT 2021"]
[Source "ChessBase"]
[SourceDate "2020.10.23"]
[SourceVersion "1"]
[SourceVersionDate "2020.10.23"]
[SourceQuality "1"]

1. e4 e5 2. Nf3 Nc6 3. Bc4 Nf6 4. Ng5 d5 5. exd5 Na5 6. Bb5+ c6 7. dxc6 bxc6 8. Qf3 Rb8 9. Bxc6+ Nxc6 10. Qxc6+ Bd7 11. Qc4 Qe7 12. b3 h6 13. Ba3 Bb5 14. Qxb5+ Rxb5 15. Bxe7 Bxe7 16. Nc3 Rc5 17. Nf3 0-0 18. 0-0 e4 19. Nd4 Nd5 20. Nxe4 Bf6 21. Nxc5 Bxd4 22. Nd7 Rd8 23. c3 Bf6 24. Nxf6+ gxf6 25. Rac1 Nb6 26. d4 a5 27. Rfd1 f5 28. c4 Nd7 29. c5 f4 30. c6 Nb6 31. c7 Rc8 32. d5 Nxd5 33. Rxd5 Kh7 34. Rd8 Rxc7 35. Rxc7 Kg7 36. Rd6 Kf8 37. Rf6 Ke8 38. Rfxf7 Kd8 39. Ra7 Ke8 40. Rh7 Kf8 41. Rh8# 1-0

[Event "COL-ch Amateur U1700"]
[Site "Paipa"]
[Date "2020.02.27"]
[Round "3"]
[White "Ascanio Lugo, Juan Pablo"]
[Black "Melgarejo Luna, Jonathan"]
[Result "0-1"]
[WhiteElo "1625"]
[BlackElo "1549"]
[PlyCount "79"]
[EventDate "2020.02.26"]
[EventType "swiss"]
[EventRounds "9"]
[EventCountry "COL"]
[SourceTitle "EXT 2021"]
[Source "ChessBase"]
[SourceDate "2020.10.23"]
[SourceVersion "1"]
[SourceVersionDate "2020.10.23"]
[SourceQuality "1"]

1. e4 e6 2. d4 d5 3. exd5 exd5 4. Nf3 Bd6 5. c4 dxc4 6. Bxc4 Nf6 7. 0-0 0-0 8. Nc3 c6 9. Bg5 Bg4 10. Qd3 Nbd7 11. Bb3 Qc7 12. h3 Bh5 13. a3 h6 14. Bxf6 Nxf6 15. g4 Qb6 16. Bc4 Nxg4 17. hxg4 Bxg4 18. Ne4 Bf4 19. Ne5 Bf5 20. Nf6+ gxf6 21. Qxf5 fxe5 22. Bd3 Rfe8 23. dxe5 Bxe5 24. Kh1 Qd4 25. Rg1+ Kf8 26. Rg4 Qd5+ 27. f3 Bxb2 28. Rb1 Re5 29. Qf4 Rh5+ 30. Kg2 Be5 31. Qe4 Rh2+ 32. Kf1 Rd8 33. Rd1 Rh1+ 34. Rg1 Rxg1+ 35. Kxg1 Qxe4 36. fxe4 c5 37. Bc2 Rxd1+ 38. Bxd1 Kg7 39. Kg2 Kg6 40. Kf3 0-1

[Event "COL Intercollegiate-ch blitz U18"]
[Site "Paipa"]
[Date "2019.12.15"]
[Round "7"]
[White "Ascanio Lugo, Juan Pablo"]
[Black "Corredor Castellanos, Camilo"]
[Result "1/2-1/2"]
[WhiteElo "1447"]
[BlackElo "1993"]
[PlyCount "23"]
[EventDate "2019.12.15"]
[EventType "swiss (blitz)"]
[EventRounds "12"]
[EventCountry "COL"]
[SourceTitle "CBM 193 Extra"]
[Source "ChessBase"]
[SourceDate "2020.01.31"]
[SourceVersion "1"]
[SourceVersionDate "2020.01.31"]
[SourceQuality "1"]

1. e4 c5 2. Nf3 e6 3. d3 Nc6 4. g3 d6 5. Bg2 Be7 6. 0-0 Nf6 7. Re1 0-0 8. c3 d5 9. e5 Ne8 10. d4 cxd4 11. cxd4 Qb6 12. Be3 1/2-1/2

[Event "COL Intercollegiate-ch blitz U18"]
[Site "Paipa"]
[Date "2019.12.15"]
[Round "12"]
[White "Ascanio Lugo, Juan Pablo"]
[Black "Leon Sarria, Cristian David"]
[Result "0-1"]
[WhiteElo "1447"]
[BlackElo "1560"]
[PlyCount "98"]
[EventDate "2019.12.15"]
[EventType "swiss (blitz)"]
[EventRounds "12"]
[EventCountry "COL"]
[SourceTitle "CBM 193 Extra"]
[Source "ChessBase"]
[SourceDate "2020.01.31"]
[SourceVersion "1"]
[SourceVersionDate "2020.01.31"]
[SourceQuality "1"]

1. e4 d5 2. exd5 Qxd5 3. Nc3 Qa5 4. d4 Nf6 5. Nf3 c6 6. Bc4 Bf5 7. Bd2 e6 8. Qe2 Nbd7 9. 0-0-0 0-0-0 10. Nd5 Qa4 11. Bb3 Qb5 12. Qxb5 cxb5 13. Ne3 Bg6 14. Kb1 b6 15. a3 Kb7 16. h4 h6 17. Ne5 Nxe5 18. dxe5 Ne4 19. Be1 Bc5 20. Rxd8 Rxd8 21. Kc1 a5 22. h5 Bh7 23. Ng4 Bf5 24. f3 Bxg4 25. fxg4 Be3+ 26. Kb1 Rd1+ 27. Ka2 a4 28. Rf1 axb3+ 29. cxb3 Ng5 30. a4 Bd2 31. axb5 Rxe1 32. Rf2 Be3 33. Rc2 Bc5 34. Rd2 Kc7 35. Rc2 Re4 36. Rc3 Rxg4 37. Kb1 Kd7 38. Rd3+ Rd4 39. Rg3 Rb4 40. Rd3+ Ke7 41. Kc2 Rxb5 42. Rd1 Bb4 43. Ra1 Rxe5 44. Ra7+ Kf6 45. Kd3 Bc5 46. Kc4 Re4+ 47. Kb5 Rb4+ 48. Kc6 Rxb3 49. Kd7 Rxb2 0-1

[Event "COL Intercollegiate-ch blitz U18"]
[Site "Paipa"]
[Date "2019.12.15"]
[Round "1"]
[White "Ascanio Lugo, Juan Pablo"]
[Black "Yepez Ortiz, Dubier"]
[Result "1-0"]
[WhiteElo "1447"]
[BlackElo "1792"]
[PlyCount "107"]
[EventDate "2019.12.15"]
[EventType "swiss (blitz)"]
[EventRounds "12"]
[EventCountry "COL"]
[SourceTitle "CBM 193 Extra"]
[Source "ChessBase"]
[SourceDate "2020.01.31"]
[SourceVersion "1"]
[SourceVersionDate "2020.01.31"]
[SourceQuality "1"]

1. e4 c5 2. Nf3 Nc6 3. d4 cxd4 4. Nxd4 Nf6 5. Nc3 e6 6. a3 d5 7. exd5 Nxd5 8. Nxc6 bxc6 9. Be2 Nxc3 10. Qxd8+ Kxd8 11. bxc3 Bc5 12. Bf4 f6 13. Bf3 Bb7 14. Ke2 e5 15. Be3 Ba6+ 16. Kd2 Bxe3+ 17. Kxe3 Kc7 18. Rhd1 Rad8 19. Be4 g6 20. g4 Bc4 21. a4 a5 22. Rab1 Rb8 23. h4 Rxb1 24. Rxb1 Rd8 25. Bd3 Be6 26. g5 f5 27. Ba6 Rb8 28. Rxb8 Kxb8 29. f4 e4 30. Kd4 Kc7 31. Ke5 Kd7 32. Kf6 c5 33. Be2 Bd5 34. Kg7 Ke7 35. Kxh7 Bf7 36. Kg7 Be8 37. Bd1 e3 38. Be2 Bxa4 39. Kxg6 Bxc2 40. h5 a4 41. h6 a3 42. h7 a2 43. h8Q a1Q 44. Qf6+ Kd7 45. Bb5+ Kc7 46. Qc6+ Kb8 47. Qb6+ Kc8 48. Ba6+ Kd7 49. Bb5+ Kc8 50. Qxc5+ Kb8 51. Qxe3 Qa5 52. Qe5+ Ka8 53. Bc6+ Ka7 54. Qxa5+ 1-0

[Event "COL Intercollegiate-ch blitz U18"]
[Site "Paipa"]
[Date "2019.12.15"]
[Round "11"]
[White "Leon Sarria, Cristian David"]
[Black "Ascanio Lugo, Juan Pablo"]
[Result "0-1"]
[WhiteElo "1560"]
[BlackElo "1447"]
[PlyCount "140"]
[EventDate "2019.12.15"]
[EventType "swiss (blitz)"]
[EventRounds "12"]
[EventCountry "COL"]
[SourceTitle "CBM 193 Extra"]
[Source "ChessBase"]
[SourceDate "2020.01.31"]
[SourceVersion "1"]
[SourceVersionDate "2020.01.31"]
[SourceQuality "1"]

1. Nf3 Nf6 2. g3 b6 3. Bg2 Bb7 4. 0-0 e6 5. b3 Be7 6. Bb2 0-0 7. c4 c5 8. d4 Qc7 9. Nc3 a6 10. dxc5 bxc5 11. Qc2 Nc6 12. a3 d6 13. Ng5 Nd4 14. Qd1 Bxg2 15. Kxg2 Qb7+ 16. Kg1 Qxb3 17. Qxb3 Nxb3 18. Rad1 Na5 19. Nce4 Nxc4 20. Bc1 d5 21. Nxf6+ Bxf6 22. Rfe1 Rab8 23. e4 h6 24. Nh3 dxe4 25. Rxe4 Bd4 26. Nf4 Rb1 27. Ree1 Rfb8 28. Nd3 R8b3 29. a4 Ra1 30. Bf4 Rxd1 31. Rxd1 Nb2 32. Nxb2 Rxb2 33. Bd6 Bxf2+ 34. Kh1 Bd4 35. Rc1 Ra2 36. Rc4 f6 37. h4 Kf7 38. h5 Rb2 39. Bxc5 Bxc5 40. Rxc5 Rb6 41. Kg2 g6 42. Rc7+ Kg8 43. hxg6 f5 44. Kf3 e5 45. Rc5 Re6 46. g4 fxg4+ 47. Kxg4 Rxg6+ 48. Kf5 Rg5+ 49. Kf6 Rg4 50. a5 e4 51. Re5 Rg5 52. Rxe4 Rxa5 53. Kg6 Kf8 54. Kxh6 Kf7 55. Re3 Kf6 56. Re4 Ra3 57. Kh5 Kf5 58. Rh4 a5 59. Rh1 a4 60. Rf1+ Ke4 61. Kg4 Rb3 62. Ra1 a3 63. Ra2 Kd3 64. Kf4 Kc4 65. Ke4 Rh3 66. Ra1 Kb3 67. Rb1+ Kc2 68. Rb8 a2 69. Rc8+ Kb2 70. Rb8+ Rb3 0-1

[Event "COL Intercollegiate-ch rapid U18"]
[Site "Paipa"]
[Date "2019.12.14"]
[Round "5"]
[White "Ascanio Lugo, Juan Pablo"]
[Black "Sabogal Varela, Jose Joaquin"]
[Result "1/2-1/2"]
[WhiteElo "1493"]
[BlackElo "1737"]
[PlyCount "121"]
[EventDate "2019.12.14"]
[EventType "swiss (rapid)"]
[EventRounds "6"]
[EventCountry "COL"]
[SourceTitle "CBM 193 Extra"]
[Source "ChessBase"]
[SourceDate "2020.01.31"]
[SourceVersion "1"]
[SourceVersionDate "2020.01.31"]
[SourceQuality "1"]

1. e4 c5 2. Nf3 d6 3. d4 cxd4 4. Nxd4 Nf6 5. f3 e5 6. Bb5+ Bd7 7. Bxd7+ Qxd7 8. Nb3 d5 9. exd5 Nxd5 10. 0-0 Be7 11. Re1 Nc6 12. c4 Nb6 13. Qxd7+ Nxd7 14. Nc3 0-0 15. Be3 Nf6 16. Bg5 Bb4 17. Re3 Rac8 18. Bxf6 Bxc3 19. Rxc3 gxf6 20. Rd1 Rfd8 21. Rcd3 Rxd3 22. Rxd3 Nb4 23. Rd7 Rxc4 24. Rxb7 Nxa2 25. Rxa7 Nc1 26. Na5 Rc2 27. b3 Ra2 28. Nc6 Rxa7 29. Nxa7 Nxb3 30. Kf2 Kg7 31. Nc6 Nc5 32. Ke3 Ne6 33. g3 h5 34. h4 Nc5 35. Ne7 Ne6 36. Nf5+ Kf8 37. g4 Nf4 38. Ke4 Kg8 39. g5 fxg5 40. hxg5 Nh3 41. Kxe5 Nxg5 42. Kf4 f6 43. Nh4 Kf7 44. Kf5 Ne6 45. Ng2 Ng7+ 46. Kf4 Ke6 47. Nh4 Ne8 48. Ng2 Nd6 49. Nh4 Nc4 50. Ng2 Nb6 51. Nh4 Nd7 52. Ng6 Ne5 53. Nxe5 fxe5+ 54. Kg5 h4 55. Kxh4 Kf5 56. Kg3 Kg5 57. Kh3 Kf5 58. Kg3 Kg5 59. Kh3 Kf4 60. Kg2 Kf5 61. Kh3 1/2-1/2

[Event "COL Intercollegiate-ch rapid U18"]
[Site "Paipa"]
[Date "2019.12.14"]
[Round "4"]
[White "Rodriguez Valencia, Sebastian"]
[Black "Ascanio Lugo, Juan Pablo"]
[Result "0-1"]
[WhiteElo "1712"]
[BlackElo "1493"]
[PlyCount "92"]
[EventDate "2019.12.14"]
[EventType "swiss (rapid)"]
[EventRounds "6"]
[EventCountry "COL"]
[SourceTitle "CBM 193 Extra"]
[Source "ChessBase"]
[SourceDate "2020.01.31"]
[SourceVersion "1"]
[SourceVersionDate "2020.01.31"]
[SourceQuality "1"]

1. c4 Nf6 2. Nc3 e6 3. g3 c5 4. Bg2 Nc6 5. e3 b6 6. Nge2 Bb7 7. 0-0 Be7 8. d4 cxd4 9. exd4 d5 10. cxd5 Nxd5 11. Qb3 Na5 12. Qa4+ Bc6 13. Qd1 0-0 14. Nf4 Nxc3 15. bxc3 Bxg2 16. Kxg2 Rc8 17. Qd3 Qc7 18. Bd2 Rfd8 19. Qe2 Nc4 20. Bc1 Bf6 21. Nd3 e5 22. dxe5 Nxe5 23. Nf4 Qc6+ 24. f3 Qxc3 25. Be3 Nc4 26. Bf2 Rd2 27. Qe4 Ne3+ 28. Kh3 Nxf1 29. Rxf1 Qc2 30. Qe1 Kf8 31. Nh5 Re8 32. Qc1 Qxc1 33. Rxc1 Rxf2 34. Nxf6 gxf6 35. Kg4 Rfe2 36. Rc7 R8e7 37. Rc8+ Kg7 38. h4 Rxa2 39. f4 Rb7 40. f5 b5 41. Kh5 Rf2 42. g4 b4 43. Rc5 b3 44. g5 b2 45. gxf6+ Kxf6 46. Rc6+ Ke7 0-1

[Event "COL-ch U17"]
[Site "Bogota"]
[Date "2019.12.07"]
[Round "4.3"]
[White "Mora Garcia, Edwin Andres"]
[Black "Ascanio Lugo, Juan Pablo"]
[Result "0-1"]
[WhiteElo "1392"]
[BlackElo "1582"]
[PlyCount "44"]
[EventDate "2019.12.06"]
[EventType "swiss"]
[EventRounds "6"]
[EventCountry "COL"]
[SourceTitle "EXT 2024"]
[Source "ChessBase"]
[SourceDate "2023.10.10"]
[SourceVersion "1"]
[SourceVersionDate "2023.10.10"]
[SourceQuality "1"]

1. e4 c5 2. Nf3 e6 3. d4 cxd4 4. Nxd4 a6 5. Nc3 Qc7 6. Be3 Nf6 7. Qd2 Bb4 8. Bd3 d5 9. f3 e5 10. Nde2 d4 11. Nxd4 exd4 12. Bxd4 Nbd7 13. a3 Bc5 14. Bxc5 Nxc5 15. 0-0 0-0 16. Rfe1 Rd8 17. Nd5 Nxd5 18. exd5 Nxd3 19. Qxd3 g6 20. c4 Bf5 21. Qd4 Rac8 22. Rac1 Qc5 0-1

[Event "COL-ch U17"]
[Site "Bogota"]
[Date "2019.12.06"]
[Round "2.3"]
[White "Molina Rojas, Andrey Felipe"]
[Black "Ascanio Lugo, Juan Pablo"]
[Result "0-1"]
[WhiteElo "1310"]
[BlackElo "1582"]
[PlyCount "86"]
[EventDate "2019.12.06"]
[EventType "swiss"]
[EventRounds "6"]
[EventCountry "COL"]
[SourceTitle "EXT 2024"]
[Source "ChessBase"]
[SourceDate "2023.10.10"]
[SourceVersion "1"]
[SourceVersionDate "2023.10.10"]
[SourceQuality "1"]

1. e4 c5 2. c3 Nf6 3. e5 Nd5 4. d4 cxd4 5. cxd4 e6 6. Bc4 Nb6 7. Bb3 Nc6 8. Nf3 Be7 9. 0-0 0-0 10. Nc3 d6 11. Be3 Nd7 12. Bf4 dxe5 13. dxe5 Nc5 14. Bc2 Nb4 15. Bb1 Nbd3 16. Qc2 g6 17. Rd1 Qc7 18. Rxd3 Nxd3 19. Qxd3 Qb6 20. Qc2 Bd7 21. Be3 Qc7 22. Ne4 Rac8 23. Qxc7 Rxc7 24. Bd3 b6 25. Rc1 Rxc1+ 26. Bxc1 Kg7 27. h3 Bc6 28. Be3 Rd8 29. Bc2 Bd5 30. Nc3 Bc5 31. Bxc5 bxc5 32. Nxd5 exd5 33. b3 f6 34. Kf1 Re8 35. exf6+ Kxf6 36. h4 h6 37. g4 g5 38. h5 Ke6 39. Ke2 Kd6+ 40. Kd3 Re4 41. Nh2 Ke5 42. f3 Re1 43. f4+ Kxf4 0-1

[Event "Santander Norte op"]
[Site "Santander"]
[Date "2019.10.13"]
[Round "5"]
[White "Duarte Carreno, Samuel Dario"]
[Black "Ascanio Lugo, Juan Pablo"]
[Result "0-1"]
[WhiteElo "1790"]
[BlackElo "1553"]
[PlyCount "84"]
[EventDate "2019.10.11"]
[EventType "swiss"]
[EventRounds "7"]
[EventCountry "COL"]
[SourceTitle "CBM 192 Extra"]
[Source "Chessbase"]
[SourceDate "2019.11.06"]
[SourceVersion "1"]
[SourceVersionDate "2019.11.06"]
[SourceQuality "1"]

1. d4 Nf6 2. c4 e6 3. Bg5 Bb4+ 4. Nc3 h6 5. Bd2 b6 6. Nf3 Bb7 7. e3 c5 8. Bd3 0-0 9. Nb5 d5 10. Bxb4 cxb4 11. c5 bxc5 12. dxc5 Na6 13. Rc1 Bc6 14. Nbd4 Nb8 15. Ne5 Qc7 16. Nexc6 Nxc6 17. Qa4 Nxd4 18. exd4 Ng4 19. Qxb4 Qf4 20. Qd2 Nxf2 21. Be2 Qxd2+ 22. Kxd2 Nxh1 23. Rxh1 Rab8 24. Kc3 a5 25. a3 a4 26. Bd1 Ra8 27. b4 axb3 28. Kxb3 Rfb8+ 29. Ka2 Rb4 30. Bb3 Rxd4 31. Rc1 Rd2+ 32. Rc2 Rxc2+ 33. Bxc2 Rc8 34. a4 Rxc5 35. Kb3 Kf8 36. Bd3 Ke7 37. Kb4 Kd6 38. Bb5 Rc2 39. a5 Kc7 40. Be8 f6 41. Bf7 Rxg2 42. Bxe6 Kd6 0-1

[Event "Uni De Paula Santander op 4th"]
[Site "Ocana"]
[Date "2019.08.23"]
[Round "1"]
[White "Ascanio Lugo, Juan Pablo"]
[Black "Aguas, Jose Luis"]
[Result "0-1"]
[WhiteElo "1454"]
[BlackElo "1967"]
[PlyCount "78"]
[EventDate "2019.08.23"]
[EventType "swiss"]
[EventRounds "7"]
[EventCountry "COL"]
[SourceTitle "EXT 2020"]
[Source "ChessBase"]
[SourceDate "2019.10.17"]
[SourceVersion "1"]
[SourceVersionDate "2019.10.17"]
[SourceQuality "1"]

1. d4 Nf6 2. Nf3 d5 3. e3 c6 4. Bd3 Bg4 5. b3 e6 6. 0-0 Bd6 7. Bb2 Nbd7 8. Nbd2 Qc7 9. Qe2 Bxh2+ 10. Kh1 Bd6 11. c4 0-0 12. c5 Be7 13. g3 Bf5 14. e4 dxe4 15. Nxe4 Nxe4 16. Bxe4 Bxe4 17. Qxe4 Bf6 18. Kg2 Nxc5 19. dxc5 Bxb2 20. Rh1 g6 21. Qh4 f5 22. Rae1 Bf6 23. Qh2 Rae8 24. Qh6 e5 25. Nd2 b5 26. cxb6 axb6 27. Nc4 Re7 28. Rc1 c5 29. Qd2 Rd8 30. Qh6 Qc6+ 31. Kg1 Red7 32. Ne3 Qf3 33. Rf1 f4 34. gxf4 Qxf4 35. Qh3 Qg5+ 36. Ng2 Qf5 37. Qc3 Rd4 38. Ne3 Qf3 39. Rc1 Bg5 0-1

[Event "Tunja Boyaca op-B"]
[Site "Tunja"]
[Date "2019.08.03"]
[Round "6"]
[White "Ascanio Lugo, Juan Pablo"]
[Black "Castano, Saray"]
[Result "1-0"]
[WhiteElo "1454"]
[BlackElo "1580"]
[PlyCount "79"]
[EventDate "2019.07.31"]
[EventType "swiss"]
[EventRounds "9"]
[EventCountry "COL"]
[SourceTitle "EXT 2020"]
[Source "ChessBase"]
[SourceDate "2019.10.17"]
[SourceVersion "1"]
[SourceVersionDate "2019.10.17"]
[SourceQuality "1"]

1. e4 c5 2. Nf3 d6 3. d4 cxd4 4. Nxd4 Nf6 5. Nc3 g6 6. Be3 Bg7 7. Be2 0-0 8. 0-0 Nc6 9. Qd2 Nxd4 10. Bxd4 Be6 11. f4 a6 12. f5 Bd7 13. fxg6 hxg6 14. Rae1 Bc6 15. Bxf6 Bxf6 16. Rxf6 exf6 17. Qh6 Re8 18. Bc4 d5 19. Re3 Re5 20. Rh3 Rh5 21. Rxh5 gxh5 22. exd5 Qb6+ 23. Kf1 Be8 24. Ne4 Bb5 25. Nxf6+ Qxf6+ 26. Qxf6 Bxc4+ 27. Kf2 Bxa2 28. b3 Rc8 29. Qb2 Bxb3 30. Qxb3 b5 31. d6 Rd8 32. Qe3 Rxd6 33. Qg5+ Kf8 34. Qc5 Ke7 35. Ke3 Kd7 36. Kf4 Rd2 37. Kg5 Rxg2+ 38. Kf6 Rxh2 39. Qd5+ Kc8 40. Qc6+ 1-0

[Event "Uni De Paula Santander op 3rd"]
[Site "Ocana"]
[Date "2017.09.30"]
[Round "5"]
[White "Delgado, Gilberto"]
[Black "Ascanio Lugo, Juan Pablo"]
[Result "1-0"]
[WhiteElo "1804"]
[BlackElo "1460"]
[PlyCount "77"]
[EventDate "2017.09.29"]
[EventType "swiss"]
[EventRounds "7"]
[EventCountry "COL"]
[SourceTitle "CBM 181 Extra"]
[Source "ChessBase"]
[SourceDate "2017.12.12"]
[SourceVersion "1"]
[SourceVersionDate "2017.12.12"]
[SourceQuality "1"]

1. d4 d5 2. Nf3 Nf6 3. c4 e6 4. Nc3 Bb4 5. Bg5 Nc6 6. e3 0-0 7. Bd3 h6 8. Bh4 Be7 9. Rc1 dxc4 10. Bxc4 Nd5 11. Bg3 a6 12. 0-0 Bd6 13. Bxd6 Nxc3 14. Rxc3 cxd6 15. Qc1 d5 16. Bd3 Bd7 17. a3 Rc8 18. Qc2 f5 19. g3 Be8 20. Rc1 Bh5 21. Nh4 Qd7 22. Ng2 g5 23. f4 Bf3 24. b4 Ne7 25. Rc7 Rxc7 26. Qxc7 Rd8 27. Ne1 Be4 28. Kf2 Nc6 29. Qxd7 Rxd7 30. b5 axb5 31. Bxb5 Rc7 32. Rc5 Kf7 33. fxg5 hxg5 34. Nf3 Bxf3 35. Bxc6 Rxc6 36. Rxc6 bxc6 37. Kxf3 g4+ 38. Kf4 Ke7 39. Ke5 1-0